[Event "Kemerovo1"]
[Site "Kemerovo"]
[Date "1995.??.??"]
[Round "6"]
[White "Sveshnikov, Evgeny"]
[Black "Graf, Alexander"]
[Result "1/2-1/2"]
[WhiteElo "2580"]
[BlackElo "2585"]
[PlyCount "86"]
[EventDate "1995.08.??"]
[Source "ChessBase"]

1. e4 e5 2. Nf3 Nc6 3. Bc4 Bc5 4. b4 Bxb4 5. c3 Ba5 6. d4 exd4 7. O-O Nf6 8. cxd4 d5 9. exd5 Nxd5 10. Qb3 Be6 11. Qxb7 Ndb4 12. Bb5 O-O 13. Bxc6 Rb8 14. Qxa7 Nxc6 15. Qc5 Bd5 16. Nbd2 Re8 17. Nb3 Bb4 18. Qc2 Bxf3 19. gxf3 Qd5 20. Bf4 Qxf3 21. Bg3 Bc3 22. Qd1 Re2 23. Rc1 Rbe8 24. Rc2 h5 25. d5 h4 26. Bxh4 Nb4 27. Rxe2 Qxe2 28. Bg3 Qc4 29. d6 cxd6 30. Qxd6 Nxa2 31. Nc5 Bf6 32. Qa6 Qd5 33. Qd6 Qf5 34. Qd7 Qxd7 35. Nxd7 Bd4 36. Rb1 Re2 37. Rd1 Ba7 38. Kf1 Rc2 39. Ne5 f6 40. Ng4 Bb6 41. Rd6 Rb2 42. Rc6 Bd4 43. Rc4 Rb4 1/2-1/2

[Event "56th ch-RUS"]
[Site "Krasnoyarsk"]
[Date "2003.09.12"]
[Round "9"]
[White "Ovetchkin, Roman"]
[Black "Lastin, Alexander"]
[Result "0-1"]
[WhiteElo "2519"]
[BlackElo "2634"]
[PlyCount "84"]
[EventDate "2003.09.03"]
[Source "Roberto Alvarez"]
[SourceDate "2003.09.15"]

1. e4 e5 2. Nf3 Nc6 3. Bc4 Bc5 4. b4 Bxb4 5. c3 Ba5 6. d4 exd4 7. O-O Nge7 8. Ng5 d5 9. exd5 Ne5 10. Bb3 dxc3 11. Qe2 f6 12. Ba3 Bg4 13. f3 Bf5 14. Ne4 Bxe4 15. Qxe4 Qd7 16. f4 N5g6 17. d6 cxd6 18. Ba4 b5 19. Qxa8+ Kf7 20. Qf3 bxa4 21. Nxc3 Rc8 22. Ne4 Kg8 23. Rad1 d5 24. Ng3 Rc2 25. Bxe7 Nxe7 26. a3 h6 27. Kh1 Bb6 28. Rc1 Rb2 29. Rb1 Ra2 30. Qd3 Qd6 31. Rb4 Qc6 32. h3 d4 33. Rg1 Nd5 34. Rc4 Qd7 35. Nf5 Kh8 36. Rcc1 Nxf4 37. Rc8+ Kh7 38. Qc4 Qd5 39. Qxd5 Nxd5 40. Rd1 Ne3 41. Nxe3 dxe3 42. Re8 Rxa3 0-1

[Event "Wijk aan Zee NED"]
[Site "Wijk aan Zee NED"]
[Date "1977.??.??"]
[Round "6"]
[White "Timman, Jan Hein"]
[Black "Kurajica, Bojan"]
[Result "1/2-1/2"]
[WhiteElo "2590"]
[BlackElo "2530"]
[PlyCount "71"]
[EventDate "1977.??.??"]
[Source "www.chesslib.no"]
[SourceDate "2004.05.04"]

1. e4 e5 2. Nf3 Nc6 3. Bc4 Bc5 4. b4 Bxb4 5. c3 Ba5 6. d4 Qf6 7. O-O Nh6 8. d5 Ne7 9. Qa4 Bb6 10. Na3 Ng4 11. h3 h5 12. Rb1 a6 13. Rxb6 cxb6 14. Rd1 Rb8 15. Qb4 Qg6 16. Bb3 b5 17. c4 d6 18. cxb5 a5 19. Qc3 Nf6 20. Ng5 Nxe4 21. Nxe4 Qxe4 22. Bg5 f6 23. Bc2 Qe2 24. Bc1 Bd7 25. Re1 Nxd5 26. Rxe2 Nxc3 27. Rd2 Rc8 28. Bb2 Nxb5 29. Bg6+ Ke7 30. Nc2 Be8 31. Bd3 g6 32. Ne3 Nd4 33. Nd5+ Ke6 34. Nb6 Rb8 35. Bc4+ Kf5 36. Nd5 1/2-1/2

[Event "Nova Gorica op"]
[Site "Nova Gorica"]
[Date "1998.??.??"]
[Round "4"]
[White "Sveshnikov, Evgeny"]
[Black "Scekic, Milos"]
[Result "1/2-1/2"]
[WhiteElo "2595"]
[BlackElo "2430"]
[PlyCount "31"]
[EventDate "1998.02.??"]
[Source "www.chesslib.no"]
[SourceDate "2004.05.04"]

1. e4 e5 2. Nf3 Nc6 3. Bc4 Bc5 4. b4 Bxb4 5. c3 Ba5 6. d4 exd4 7. O-O Nf6 8. e5 d5 9. exf6 dxc4 10. fxg7 Rg8 11. Re1+ Be6 12. Bg5 Qd5 13. Nbd2 Rxg7 14. Ne4 Rxg5 15. Nf6+ Ke7 16. Nxd5+ 1/2-1/2

[Event "Mind Sports Games - Blitz Team"]
[Site "Pechino CINA"]
[Date "2008.10.13"]
[Round "4"]
[White "Sveshnikov, E."]
[Black "Wu Shaobin"]
[Result "0-1"]
[WhiteElo "2525"]
[BlackElo "2455"]
[PlyCount "94"]
[EventDate "2008.10.13"]
[Source "www.chesslib.no"]
[SourceDate "2004.05.04"]

1. e4 e5 2. Nf3 Nc6 3. Bc4 Bc5 4. b4 Bxb4 5. c3 Ba5 6. d4 exd4 7. O-O Nge7 8. Ng5 d5 9. exd5 Ne5 10. Bb5+ c6 11. dxc6 bxc6 12. cxd4 cxb5 13. dxe5 Qxd1 14. Rxd1 Bf5 15. Bb2 h6 16. Nf3 O-O 17. Nc3 a6 18. Nd4 Bg6 19. Nb3 Bb6 20. Rd6 Ba7 21. Rad1 Rfc8 22. Rd7 Nc6 23. e6 Ne5 24. exf7+ Bxf7 25. Re7 Ng6 26. Rb7 Rcb8 27. Rdd7 Rxb7 28. Rxb7 Ne5 29. Ne4 Bd5 30. Re7 Nd3 31. Rxg7+ Kf8 32. Rxa7 Rxa7 33. Bd4 Rc7 34. Nf6 Bxb3 35. g4 Kf7 36. axb3 a5 37. g5 hxg5 38. Ne4 Rd7 39. Be3 g4 40. Nc3 b4 41. Na4 Ke6 42. Kg2 Kf5 43. h3 gxh3+ 44. Kxh3 Rg7 45. Nb6 Ke4 46. Nc4 Kf3 47. Nxa5 Rh7+ 0-1

[Event "Open"]
[Site "Pune"]
[Date "2004.09.05"]
[Round "3"]
[White "Himanshu, Sharma"]
[Black "Gareev, Timur"]
[Result "1-0"]
[WhiteElo "2376"]
[BlackElo "2536"]
[PlyCount "61"]
[EventDate "2004.09.03"]
[Source "Roberto Alvarez"]
[SourceDate "2004.09.21"]

1. e4 e5 2. Nf3 Nc6 3. Bc4 Bc5 4. b4 Bxb4 5. c3 Ba5 6. d4 exd4 7. O-O Nge7 8. cxd4 d5 9. exd5 b5 10. Bxb5 Qxd5 11. Qa4 Bd7 12. Ba3 Rb8 13. Bc5 Bb4 14. Rc1 Bxc5 15. Rxc5 Qd6 16. Nbd2 a6 17. Qxa6 O-O 18. Ne4 Qf4 19. Bxc6 Nxc6 20. Qd3 Rfe8 21. Neg5 g6 22. g3 Qf6 23. Ne4 Qe7 24. Ne5 Nb4 25. Qc3 Bf5 26. Rxc7 Qd8 27. Nxf7 Nd5 28. Nxd8 Bxe4 29. Qc4 Rbxd8 30. Re1 Ra8 31. Kf1 1-0

[Event "Nova Gorica op"]
[Site "Nova Gorica"]
[Date "1997.??.??"]
[Round "3"]
[White "Grosar, Aljosa"]
[Black "Scekic, Milos"]
[Result "1/2-1/2"]
[WhiteElo "2495"]
[BlackElo "2400"]
[PlyCount "34"]
[EventDate "1997.01.??"]
[Source "www.chesslib.no"]
[SourceDate "2004.05.04"]

1. e4 e5 2. Nf3 Nc6 3. Bc4 Bc5 4. b4 Bxb4 5. c3 Ba5 6. d4 exd4 7. O-O Nf6 8. e5 d5 9. exf6 dxc4 10. fxg7 Rg8 11. Nxd4 Nxd4 12. Qh5 Rxg7 13. cxd4 Qxd4 14. Qxa5 Rxg2+ 15. Kxg2 Qg4+ 16. Kh1 Qf3+ 17. Kg1 Qg4+ 1/2-1/2

[Event "Arne Henriksen Memorial"]
[Site "?"]
[Date "2000.??.??"]
[Round "?"]
[White "Bohak Ivan Bozidar Janko"]
[Black "Mousessian John"]
[Result "0-1"]
[WhiteElo "2395"]
[BlackElo "2465"]
[PlyCount "66"]
[EventDate "2000.??.??"]
[Source "www.chesslib.no"]
[SourceDate "2004.05.04"]

1. e4 e5 2. Nf3 Nc6 3. Bc4 Bc5 4. b4 Bxb4 5. c3 Ba5 6. d4 exd4 7. O-O Nge7 8. Ng5 d5 9. exd5 Ne5 10. Bb3 dxc3 11. Qe2 f6 12. Ne4 a6 13. Ba3 Bg4 14. f3 Bf5 15. f4 Bg4 16. Qc2 Nf7 17. Nbxc3 Bf5 18. Rae1 O-O 19. Qe2 Nd6 20. Nxd6 cxd6 21. Qxe7 Bxc3 22. Bxd6 Bxe1 23. Qxf8+ Qxf8 24. Bxf8 Kxf8 25. Rxe1 Re8 26. Rxe8+ Kxe8 27. Kf2 Be4 28. g4 Kd7 29. Ke3 Bh1 30. a4 Kd6 31. Kd4 a5 32. h4 h6 33. g5 fxg5 0-1

[Event "Quebec Open"]
[Site "Montreal CAN"]
[Date "2007.07.26"]
[Round "7"]
[White "Barbeau, S."]
[Black "De la Paz Perdomo, F."]
[Result "0-1"]
[WhiteElo "2389"]
[BlackElo "2452"]
[PlyCount "39"]
[EventDate "2007.07.20"]
[Source "www.chesslib.no"]
[SourceDate "2004.05.04"]

1. e4 e5 2. Nf3 Nc6 3. Bc4 Bc5 4. b4 Bxb4 5. c3 Ba5 6. Qb3 Qe7 7. d4 exd4 8. O-O Bb6 9. Ba3 Na5 10. Qa4 Qd8 11. Bd3 Ne7 12. cxd4 O-O 13. d5 d6 14. e5 Bf5 15. Bxf5 Nxf5 16. Nc3 Re8 17. Qe4 Qc8 18. g4 Nd4 19. Ng5 f5 20. gxf5 0-1

[Event "HUN-ch"]
[Site "Budapest"]
[Date "1971.??.??"]
[Round "15"]
[White "Sax, Gyula"]
[Black "Honfi, Karoly"]
[Result "1-0"]
[WhiteElo "2400"]
[BlackElo "2435"]
[PlyCount "81"]
[EventDate "1971.??.??"]
[Source "ChessBase"]

1. e4 e5 2. Nf3 Nc6 3. Bc4 Bc5 4. b4 Bxb4 5. c3 Ba5 6. d4 exd4 7. O-O Nge7 8. Ng5 Ne5 9. Nxf7 Nxf7 10. Bxf7+ Kxf7 11. Qh5+ g6 12. Qxa5 d5 13. cxd4 dxe4 14. Nc3 Bf5 15. Qb4 Qd6 16. Qb3+ Kg7 17. Nb5 Qd5 18. Nxc7 Qxb3 19. axb3 Rac8 20. Bf4 Kf7 21. Rxa7 Nc6 22. Ra4 g5 23. Bg3 Kg6 24. d5 Nd8 25. Rb4 Rf8 26. f3 exf3 27. Rxf3 Rf7 28. Rb6+ Kg7 29. Ne8+ Kf8 30. Nd6 Rc1+ 31. Kf2 Rc2+ 32. Ke1 Bg4 33. Nxf7 Bxf3 34. Nxd8 Bxd5 35. Nxb7 Rxg2 36. Nc5 h5 37. Ne6+ Bxe6 38. Rxe6 h4 39. Be5 Kf7 40. Rc6 Rg1+ 41. Kd2 1-0

[Event "Bucaramanga"]
[Site "Bucaramanga"]
[Date "1992.??.??"]
[Round "4"]
[White "Castro, Oscar H"]
[Black "Fernandes, Antonio M"]
[Result "1/2-1/2"]
[WhiteElo "2385"]
[BlackElo "2440"]
[PlyCount "171"]
[EventDate "1992.??.??"]
[Source "www.chesslib.no"]
[SourceDate "2004.05.04"]

1. e4 e5 2. Bc4 Bc5 3. Nf3 Nc6 4. b4 Bxb4 5. c3 Ba5 6. d4 d6 7. Qb3 Qd7 8. dxe5 Bb6 9. Bb5 Qe6 10. Qxe6+ Bxe6 11. Ba3 O-O-O 12. exd6 cxd6 13. Ng5 Nf6 14. Nd2 d5 15. O-O dxe4 16. Ndxe4 Nxe4 17. Nxe4 Rd7 18. c4 Rd3 19. Bc5 Rhd8 20. a4 Bf5 21. Bxc6 bxc6 22. a5 Bxc5 23. Nxc5 Rc3 24. Rfc1 Bc2 25. a6 Rxc4 26. Nb7 Rd5 27. h3 Kc7 28. Na5 Rc3 29. Ra2 Rdc5 30. Nb7 Bb3 31. Rxc3 Rxc3 32. Rb2 Kb6 33. Nd8 Kxa6 34. Nxc6 Rxc6 35. Rxb3 Rc7 36. f4 Ka5 37. Kf2 Ka4 38. Rb8 a5 39. g4 Ka3 40. h4 h6 41. h5 f6 42. Ke3 Re7+ 43. Kf3 a4 44. g5 fxg5 45. fxg5 hxg5 46. Kg4 Ka2 47. Kxg5 Re1 48. Rb7 Rg1+ 49. Kf4 Rh1 50. Kg5 Rg1+ 51. Kf4 a3 52. Ke3 Rg3+ 53. Kd2 Rb3 54. Rc7 Kb1 55. Rc1+ Kb2 56. Rc2+ Ka1 57. Rc7 Kb1 58. Rc1+ Ka2 59. Rc7 Rh3 60. Kc2 Rh2+ 61. Kc1 Kb3 62. Rb7+ Kc3 63. Rc7+ Kd4 64. Kb1 Rg2 65. Ra7 a2+ 66. Ka1 Ke5 67. Ra6 Kf5 68. Ra5+ Kg4 69. h6 Rg1+ 70. Kxa2 gxh6 71. Ra6 Kg5 72. Kb2 Rd1 73. Kc2 Rd5 74. Ra1 h5 75. Rd1 Re5 76. Kd2 h4 77. Re1 Rf5 78. Rg1+ Kh5 79. Ke2 h3 80. Rf1 Rg5 81. Rf8 Kh4 82. Kf2 Rg2+ 83. Kf3 Rg3+ 84. Kf4 Rg4+ 85. Kf3 Rg5 86. Rh8+ 1/2-1/2

[Event "9. Mirko Srajber Memorial"]
[Site "?"]
[Date "2005.12.03"]
[Round "3"]
[White "Pap Misa"]
[Black "Cornette Matthieu"]
[Result "1-0"]
[WhiteElo "2399"]
[BlackElo "2418"]
[PlyCount "115"]
[EventDate "2005.??.??"]
[Source "www.chesslib.no"]
[SourceDate "2004.05.04"]

1. e4 e5 2. Nf3 Nc6 3. Bc4 Bc5 4. b4 Bxb4 5. c3 Ba5 6. d4 Bb6 7. Nxe5 Nxe5 8. dxe5 Ne7 9. Ba3 O-O 10. O-O Kh8 11. Qh5 d6 12. Nd2 f6 13. Nf3 Ng6 14. exd6 cxd6 15. Rad1 Qc7 16. Bb3 Bc5 17. Bxc5 dxc5 18. e5 Nxe5 19. Nxe5 Qxe5 20. Qxe5 fxe5 21. Rfe1 Bf5 22. Rxe5 b6 23. f3 Rae8 24. Rde1 Rxe5 25. Rxe5 h6 26. Re7 a6 27. h4 Rd8 28. g4 Bh7 29. Ra7 b5 30. Be6 Bg8 31. Bf5 Bh7 32. Bd7 b4 33. cxb4 cxb4 34. Be6 Bd3 35. Kf2 Re8 36. Bd5 g5 37. Kg3 Re2 38. Rb7 Bb5 39. Rb6 Kg7 40. h5 Rd2 41. Rg6+ Kf8 42. Bb3 a5 43. Rf6+ Kg7 44. Rf7+ Kh8 45. Rb7 Bf1 46. f4 Rd3+ 47. Kf2 Bh3 48. Rb8+ Kg7 49. Rg8+ Kh7 50. Ra8 Rc3 51. fxg5 hxg5 52. Ra7+ Kh8 53. Ra8+ Kh7 54. Be6 Rc5 55. Kg3 Rc3+ 56. Kh2 Bf1 57. Bf5+ Kg7 58. h6+ 1-0

[Event "Voronezh-ch Region"]
[Site "Voronezh"]
[Date "2004.12.08"]
[Round "6"]
[White "Kostin, Alexey"]
[Black "Rodin, Dmitrij"]
[Result "0-1"]
[WhiteElo "2387"]
[BlackElo "2421"]
[PlyCount "79"]
[EventDate "2004.12.03"]
[Source "Roberto Alvarez"]
[SourceDate "2004.12.13"]

1. e4 e5 2. Nf3 Nc6 3. Bc4 Bc5 4. b4 Bxb4 5. c3 Ba5 6. d4 exd4 7. O-O Nf6 8. e5 d5 9. exf6 dxc4 10. fxg7 Rg8 11. Re1+ Be6 12. Ng5 Qf6 13. Nxe6 fxe6 14. Qh5+ Kd7 15. Bh6 Qg6 16. Qh3 Rae8 17. Rc1 Kc8 18. Na3 Bxc3 19. Rab1 Qd3 20. Qh5 a6 21. Qc5 Qg6 22. Bf4 Qf5 23. Qxf5 exf5 24. Nxc4 Rxg7 25. a4 Re2 26. Kf1 Ra2 27. a5 Re7 28. Rd1 Nxa5 29. Ne5 Nc6 30. Nf3 b5 31. Rd3 b4 32. Nh4 b3 33. Nxf5 Rf7 34. g4 b2 35. Rdd1 Ra1 36. Ke2 a5 37. Bd2 Rxb1 38. Rxb1 a4 39. Kd3 a3 40. Bxc3 0-1

[Event "AUT-chT 9495"]
[Site "Austria"]
[Date "1995.??.??"]
[Round "?"]
[White "Plachetka, Jan"]
[Black "Rolletschek, Heinrich"]
[Result "1/2-1/2"]
[WhiteElo "2420"]
[BlackElo "2370"]
[PlyCount "45"]
[EventDate "1994.??.??"]
[Source "ChessBase"]

1. e4 e5 2. Nf3 Nc6 3. Bc4 Bc5 4. b4 Bxb4 5. c3 Ba5 6. d4 exd4 7. Qb3 Qe7 8. O-O Bb6 9. Ba3 d6 10. cxd4 Nxd4 11. Nxd4 Bxd4 12. Nc3 Nf6 13. Rad1 Bxc3 14. Qxc3 Qe5 15. Qc1 O-O 16. Bb2 Qe7 17. e5 Ne8 18. Rfe1 Be6 19. exd6 Nxd6 20. Qc3 Qf6 21. Qc1 Qe7 22. Qc3 Qf6 23. Qc1 1/2-1/2

[Event "World Cities"]
[Site "Jakarta "]
[Date "1997.??.??"]
[Round "7"]
[White "Hamdani, Rudin"]
[Black "Barus, Cerdas"]
[Result "0-1"]
[WhiteElo "2335"]
[BlackElo "2445"]
[PlyCount "104"]
[EventDate "1997.07.08"]
[Source "www.chesslib.no"]
[SourceDate "2004.05.04"]

1. e4 e5 2. Nf3 Nc6 3. Bc4 Bc5 4. b4 Bxb4 5. c3 Ba5 6. d4 exd4 7. O-O d6 8. Qb3 Bb6 9. Bxf7+ Kf8 10. a4 Na5 11. Qa2 Qe7 12. Bxg8 Rxg8 13. cxd4 Be6 14. d5 Bg4 15. Nbd2 Bxf3 16. Nxf3 Qxe4 17. Ng5 Qf5 18. Qe2 Re8 19. Ne6+ Rxe6 20. dxe6 Ke7 21. Ra3 Nc6 22. Rg3 Nd4 23. Qd1 g5 24. Be3 Nxe6 25. Re1 Kd7 26. Rf3 Nf4 27. Bxb6 axb6 28. g3 Qh3 29. Rxf4 gxf4 30. Qd5 Rf8 31. Qb5+ Kd8 32. Qg5+ Kc8 33. Qg7 Qf5 34. Re7 Qb1+ 35. Kg2 f3+ 36. Kh3 Qf1+ 37. Kh4 Qc4+ 38. Kh3 Rd8 39. Qg4+ Qxg4+ 40. Kxg4 Rf8 41. Rxh7 d5 42. Rh5 d4 43. h4 c5 44. a5 Kc7 45. Rh7+ Kc6 46. Rh6+ Kd5 47. Rxb6 Rf7 48. a6 bxa6 49. Rxa6 d3 50. Ra8 c4 51. Rd8+ Ke4 52. h5 c3 0-1

[Event "Grangemouth op2"]
[Site "?"]
[Date "2000.??.??"]
[Round "?"]
[White "Arakhamia Grant Ketevan"]
[Black "Mannion Stephen R"]
[Result "1/2-1/2"]
[WhiteElo "2404"]
[BlackElo "2350"]
[PlyCount "79"]
[EventDate "2000.??.??"]
[Source "www.chesslib.no"]
[SourceDate "2004.05.04"]

1. e4 e5 2. Nf3 Nc6 3. Bc4 Bc5 4. b4 Bxb4 5. c3 Ba5 6. d4 exd4 7. O-O Nge7 8. cxd4 d5 9. exd5 Nxd5 10. Qb3 Be6 11. Qxb7 Ndb4 12. Bb5 Bd5 13. Ne5 Rb8 14. Bxc6+ Nxc6 15. Qa6 Rb6 16. Qd3 O-O 17. Nc3 Bxg2 18. Rd1 Bxc3 19. Qxc3 Nxe5 20. Kxg2 Qd5+ 21. f3 Nxf3 22. Qxf3 Rg6+ 23. Kf2 Rf6 24. Bf4 Qxf3+ 25. Kxf3 g5 26. Kg4 Rxf4+ 27. Kxg5 Rf2 28. h4 Kh8 29. Rf1 Rg8+ 30. Kh5 Rb2 31. Rf5 Rg6 32. Rc1 c6 33. Rxf7 Rxa2 34. Rc5 Rd6 35. Rg5 Rd8 36. d5 cxd5 37. Rgg7 d4 38. Rxh7+ Kg8 39. Rfg7+ Kf8 40. Rf7+ 1/2-1/2

[Event "Cheliabinsk (Russia)"]
[Site "?"]
[Date "2005.01.??"]
[Round "9"]
[White "Kurnosov Igor"]
[Black "Galiev Azat"]
[Result "1-0"]
[WhiteElo "2538"]
[BlackElo "2212"]
[PlyCount "59"]
[EventDate "2005.??.??"]
[Source "www.chesslib.no"]
[SourceDate "2004.05.04"]

1. e4 e5 2. Nf3 Nc6 3. Bc4 Bc5 4. b4 Bxb4 5. c3 Ba5 6. d4 Qe7 7. O-O Bb6 8. Ba3 d6 9. Bb5 Bd7 10. Bxc6 Bxc6 11. Nxe5 Bd7 12. Nc4 Qh4 13. Nbd2 O-O-O 14. Bb4 d5 15. exd5 Bb5 16. a4 Bxc4 17. Nxc4 Rxd5 18. Qe2 Nf6 19. a5 Re8 20. Ne3 Rh5 21. h3 Bxd4 22. cxd4 Rg5 23. Qf3 Nh5 24. Ng4 f5 25. Rfe1 Rd8 26. a6 c6 27. axb7+ Kb8 28. Bd6+ Rxd6 29. Re8+ Kxb7 30. Qb3+ 1-0

[Event "Olimpiadi 2008 - fem"]
[Site "Dresda GER"]
[Date "2008.11.22"]
[Round "9"]
[White "Daulyte, D."]
[Black "Kosintseva, N."]
[Result "0-1"]
[WhiteElo "2278"]
[BlackElo "2468"]
[PlyCount "129"]
[EventDate "2008.11.13"]
[Source "www.chesslib.no"]
[SourceDate "2004.05.04"]

1. e4 e5 2. Nf3 Nc6 3. Bc4 Bc5 4. b4 Bxb4 5. c3 Ba5 6. d4 exd4 7. Qb3 Qe7 8. O-O Bb6 9. Bg5 f6 10. Bf4 Na5 11. Qa4 Nxc4 12. Qxc4 Qf7 13. Qe2 d3 14. Qxd3 d6 15. Nbd2 Ne7 16. Nc4 Be6 17. Ne3 O-O 18. a4 Ng6 19. Bg3 Ne5 20. Qe2 Qh5 21. Bxe5 dxe5 22. a5 Bxe3 23. Qxe3 b6 24. Ra3 Rad8 25. axb6 axb6 26. Ra7 Qf7 27. Nh4 Ra8 28. Rxa8 Rxa8 29. f4 exf4 30. Qxf4 Qe7 31. Kh1 Re8 32. Nf3 Bc8 33. h3 Bb7 34. e5 fxe5 35. Nxe5 Bd5 36. Re1 Qf6 37. Qd4 Rd8 38. Qe3 b5 39. Ng4 Qd6 40. Qg5 Rf8 41. Nh6+ Kh8 42. Nf5 Qf6 43. Qxf6 gxf6 44. Re7 c6 45. Kh2 Ra8 46. g4 Kg8 47. Rc7 Kf8 48. Ne7 Ra2+ 49. Kg3 Rc2 50. Nxd5 cxd5 51. Rc5 Ke7 52. Kf4 Kd6 53. Rxb5 Rxc3 54. Rb6+ Kc5 55. Rxf6 Rxh3 56. Rf7 d4 57. Rc7+ Kd5 58. Rd7+ Kc4 59. Ke4 d3 60. Rd8 Kc3 61. g5 d2 62. Rc8+ Kb2 63. Rd8 Kc2 64. Rc8+ Rc3 65. Kd4 0-1

[Event "Czech Extra League"]
[Site "?"]
[Date "2001.??.??"]
[Round "?"]
[White "Trapl, J."]
[Black "Sosna, J."]
[Result "0-1"]
[WhiteElo "2360"]
[BlackElo "2365"]
[PlyCount "132"]
[EventDate "2001.??.??"]
[Source "www.chesslib.no"]
[SourceDate "2004.05.04"]

1. e4 e5 2. Nf3 Nc6 3. Bc4 Bc5 4. b4 Bxb4 5. c3 Ba5 6. d4 exd4 7. O-O Nge7 8. cxd4 d5 9. exd5 Nxd5 10. Ba3 Be6 11. Qb3 Bb4 12. Bxb4 Ncxb4 13. Nc3 O-O 14. Nxd5 Nxd5 15. Qxb7 Qd6 16. Qb3 Rab8 17. Qc2 h6 18. Rfe1 Rfd8 19. Rac1 Nf4 20. Ne5 Bd5 21. Bxd5 Qxd5 22. Qe4 Qxe4 23. Rxe4 Rxd4 24. Rxd4 Ne2+ 25. Kf1 Nxd4 26. g3 Ne6 27. Rc4 Rb5 28. Nc6 a6 29. Nb4 Rc5 30. Re4 a5 31. Nd3 Rc3 32. Nf4 Nxf4 33. Rxf4 Kf8 34. Ra4 Rc5 35. Re4 Rc1+ 36. Kg2 Rc2 37. Ra4 Rc5 38. Re4 f5 39. Re6 Kf7 40. Ra6 c6 41. Ra7+ Kf6 42. h4 g5 43. Rh7 Kg6 44. Re7 Rc4 45. Re6+ Kh5 46. hxg5 hxg5 47. Rf6 Rc5 48. Kf3 Rc3+ 49. Ke2 Kg4 50. Kd2 Rc5 51. Rg6 a4 52. Ke3 Rc3+ 53. Ke2 a3 54. Kd2 Rf3 55. Ke2 Rc3 56. Kd2 Rb3 57. f4 Rxg3 58. fxg5 f4 59. Rxc6 Kxg5 60. Ke2 Rh3 61. Kf2 Rh2+ 62. Kf3 Rxa2 63. Rc5+ Kf6 64. Ra5 Ra1 65. Ra6+ Ke5 66. Ra5+ Kd6 0-1

[Event "Moscow Ch Open"]
[Site "Moscow RUS"]
[Date "1995.??.??"]
[Round "5"]
[White "Markosian, David S"]
[Black "Ivanov, Victor L"]
[Result "0-1"]
[WhiteElo "2255"]
[BlackElo "2460"]
[PlyCount "50"]
[EventDate "1995.??.??"]
[Source "www.chesslib.no"]
[SourceDate "2004.05.04"]

1. e4 e5 2. Nf3 Nc6 3. Bc4 Bc5 4. b4 Bxb4 5. c3 Ba5 6. d4 exd4 7. O-O Nge7 8. cxd4 d5 9. exd5 Nxd5 10. Qb3 Be6 11. Ba3 Qd7 12. Nbd2 Bxd2 13. Nxd2 Na5 14. Qb2 Nxc4 15. Nxc4 Nf4 16. Ne3 Bd5 17. Rab1 O-O-O 18. Rfd1 Rhe8 19. Rd2 Re6 20. Nxd5 Qxd5 21. f3 Rde8 22. Qb3 Rb6 23. Qd1 Rxb1 24. Qxb1 Qe6 25. Rf2 Qe3 0-1

[Event "Corr"]
[Site "?"]
[Date "1999.??.??"]
[Round "?"]
[White "Olafsson Thorhallur B .(ISD)"]
[Black "Miettinen Kristo (USA)"]
[Result "1/2-1/2"]
[WhiteElo "2240"]
[BlackElo "2465"]
[PlyCount "107"]
[EventDate "1999.??.??"]
[Source "www.chesslib.no"]
[SourceDate "2004.05.04"]

1. e4 e5 2. Nf3 Nc6 3. Bc4 Bc5 4. b4 Bxb4 5. c3 Ba5 6. d4 exd4 7. O-O Nge7 8. cxd4 d5 9. exd5 Nxd5 10. Ba3 Be6 11. Bb5 Bb4 12. Bxc6+ bxc6 13. Bxb4 Nxb4 14. Qa4 Rb8 15. a3 Nd5 16. Qxc6+ Qd7 17. Qc5 Rb6 18. Nbd2 Qe7 19. Rfe1 Qxc5 20. dxc5 Rb2 21. Rab1 Rxb1 22. Rxb1 O-O 23. Nd4 Bd7 24. f3 Rd8 25. Rb7 a6 26. Ra7 Bb5 27. Nxb5 axb5 28. Nb3 g6 29. Kf2 Nf4 30. g3 Ne6 31. Ke3 Rd5 32. c6 Rd6 33. Na5 Kf8 34. Rb7 Rd5 35. Ke4 Rc5 36. Kd3 Ke7 37. Rb8 Rh5 38. h4 Rd5+ 39. Kc3 Kd6 40. Kb4 Rd3 41. Rxb5 Rxf3 42. Nc4+ Ke7 43. a4 Rxg3 44. a5 Nd4 45. Re5+ Kf6 46. Kc5 Ne6+ 47. Kb4 Nd4 48. Kc5 Nf5 49. Re1 Rc3 50. Kb4 Rc2 51. Rf1 Ke6 52. a6 Ra2 53. Na3 Nd4 54. Rc1 1/2-1/2

[Event "Ch Lithuania"]
[Site "Siauliai (Lithuania)"]
[Date "2007.05.12"]
[Round "10"]
[White "Narmontas Matas (LTU)"]
[Black "Butnorius Algimantas (LTU)"]
[Result "0-1"]
[WhiteElo "2293"]
[BlackElo "2402"]
[PlyCount "104"]
[EventDate "2007.??.??"]
[Source "www.chesslib.no"]
[SourceDate "2004.05.04"]

1. e4 e5 2. Nf3 Nc6 3. Bc4 Bc5 4. b4 Bxb4 5. c3 Ba5 6. d4 exd4 7. O-O Nge7 8. cxd4 d5 9. exd5 Nxd5 10. Qb3 Be6 11. Qxb7 Ndb4 12. Bb5 Bd5 13. Ne5 Rb8 14. Bxc6+ Nxc6 15. Nxc6 Rxb7 16. Nxd8 Kxd8 17. Be3 Rb2 18. Na3 Re8 19. Rfc1 Bd2 20. Rc2 Rxc2 21. Nxc2 Bc3 22. Rb1 Kd7 23. a3 a6 24. h3 Re6 25. Nb4 Rb6 26. Rc1 Bxb4 27. axb4 Rxb4 28. Ra1 Bc4 29. Bd2 Rb2 30. Bc3 Rc2 31. Bb4 Kc6 32. Bc5 Ba2 33. Re1 h5 34. Re3 a5 35. Bf8 g6 36. Re8 a4 37. Ra8 Bb3 38. Ra5 Kb6 39. Ra8 Kb5 40. Ra7 c6 41. Rb7+ Kc4 42. Rxf7 Kxd4 43. Rf6 c5 44. Rd6+ Kc4 45. Rc6 Kb5 46. Rxg6 a3 47. Rg3 a2 48. Bg7 c4 49. Kh2 Rc1 50. Rg5+ Kb4 51. Rxh5 c3 52. Bf8+ Kc4 0-1

[Event "VISA GP"]
[Site "Reykjavik"]
[Date "1998.03.13"]
[Round "4"]
[White "Conquest, Stuart"]
[Black "Bjornsson, Sigurbjorn"]
[Result "1-0"]
[WhiteElo "2480"]
[BlackElo "2210"]
[PlyCount "45"]
[EventDate "1998.03.10"]
[Source "ChessBase"]
[SourceDate "1998.06.15"]

1. e4 e5 2. Nf3 Nc6 3. Bc4 Bc5 4. b4 Bxb4 5. c3 Ba5 6. d4 exd4 7. O-O Nf6 8. Ba3 d6 9. e5 d5 10. Bb5 Ne4 11. e6 Bxe6 12. Qa4 Bd7 13. Bxc6 Bxc6 14. Qxa5 b6 15. Qb4 dxc3 16. Nxc3 Qf6 17. Nxe4 dxe4 18. Rad1 Rd8 19. Nd4 Bd7 20. Nb5 Bxb5 21. Qxe4+ Qe6 22. Rxd8+ Kxd8 23. Rd1+ 1-0

[Event "Moscow-ch op"]
[Site "Moscow"]
[Date "1998.??.??"]
[Round "2"]
[White "Urusov, Nikita"]
[Black "Feoktistov, Alexey A"]
[Result "0-1"]
[WhiteElo "2290"]
[BlackElo "2395"]
[PlyCount "46"]
[EventDate "1998.??.??"]
[Source "www.chesslib.no"]
[SourceDate "2004.05.04"]

1. e4 e5 2. Nf3 Nc6 3. Bc4 Bc5 4. b4 Bxb4 5. c3 Ba5 6. d4 exd4 7. O-O d6 8. Qb3 Qe7 9. cxd4 Bb6 10. Bb5 Bd7 11. Bxc6 Bxc6 12. a4 a5 13. Nbd2 Nf6 14. d5 Bd7 15. Ba3 O-O 16. e5 Ng4 17. exd6 Qe2 18. Qc4 Rfe8 19. dxc7 Bxf2+ 20. Kh1 Bb6 21. Bd6 Nf2+ 22. Rxf2 Bxf2 23. Qf4 Be3 0-1

[Event "Pula (18eme open)"]
[Site "?"]
[Date "2004.06.20"]
[Round "1"]
[White "Vrban Damir"]
[Black "Savic Miodrag R"]
[Result "0-1"]
[WhiteElo "2134"]
[BlackElo "2529"]
[PlyCount "54"]
[EventDate "2004.??.??"]
[Source "www.chesslib.no"]
[SourceDate "2004.05.04"]

1. e4 e5 2. Nf3 Nc6 3. Bc4 Bc5 4. b4 Bxb4 5. c3 Ba5 6. d4 exd4 7. Qb3 Qe7 8. O-O d3 9. e5 Nh6 10. Ba3 Qd8 11. Bc1 O-O 12. Bxh6 gxh6 13. Bxd3 d6 14. Qc2 dxe5 15. Bxh7+ Kh8 16. Bf5 Rg8 17. Bxc8 Qxc8 18. g3 Bb6 19. Kg2 Qg4 20. Nbd2 f5 21. h3 Qh5 22. Nc4 e4 23. Nfe5 Nxe5 24. Nxe5 Rae8 25. Nd7 f4 26. Nf6 Qf3+ 27. Kh2 Rxg3 0-1

[Event "It"]
[Site "Dresden GER"]
[Date "1984.??.??"]
[Round "7"]
[White "Lieb, Harald"]
[Black "Knuth, Hannes"]
[Result "1/2-1/2"]
[WhiteElo "2310"]
[BlackElo "2350"]
[PlyCount "23"]
[EventDate "1984.??.??"]
[Source "www.chesslib.no"]
[SourceDate "2004.05.04"]

1. e4 Nc6 2. Nf3 e5 3. Bc4 Bc5 4. b4 Bxb4 5. c3 Ba5 6. d4 exd4 7. O-O Nge7 8. Ng5 Ne5 9. Bb3 d5 10. cxd4 Nc4 11. Bxc4 dxc4 12. Bb2 1/2-1/2